| 000 | 00684nam a2200229 a 4500 | ||
|---|---|---|---|
| 001 | 13545 | ||
| 003 | BD-JhCC | ||
| 005 | 20240123121040.0 | ||
| 008 | 240123b2021 bg |||| ||a| 000 0 be d | ||
| 020 | _a9789849506263 | ||
| 035 | _a(BD-JhCC)13545 | ||
| 040 |
_aBD-JhCC _dBD-JhCC |
||
| 041 | _aBengali | ||
| 082 |
_a891.4415 _bRAN 2021 |
||
| 100 | _aরানা,এম রহমান | ||
| 245 |
_aচব্বিশ ঘন্টার ভাবনা / _cএম রহমান রানা। |
||
| 260 |
_aঢাকা: _bসপ্তর্ষি প্রকাশন; _c2021. |
||
| 300 |
_a422 p. : _c26 cm. |
||
| 650 | _aBengali Poem. | ||
| 942 |
_2ddc _cBK |
||
| 999 |
_c13545 _d13545 |
||